Η καταγωγή του ανθρώπου

Αποθηκεύτηκε σε:
Λεπτομέρειες βιβλιογραφικής εγγραφής
Κύριος συγγραφέας: Darwin, Charles, 1809-1882
Άλλοι συγγραφείς: Βασιλείου, Βάσος, 1915-1985 (Μεταφραστής)
Μορφή: Βιβλίο
Γλώσσα:Greek
Δημοσίευση: Αθήνα : Γκοβόστης, 2006
Θέματα:
Ετικέτες: Προσθήκη ετικέτας
Δεν υπάρχουν, Καταχωρήστε ετικέτα πρώτοι!

MARC

LEADER 00000nam a2200000 i 4500
001 1/75904
008 080226s2006 gre d
020 |a 960-270-095-5 
035 |l 10095040 
040 |a GR-MY-UA  |b gre  |e aacr 
041 0 |a gre 
082 0 |a 576.82092  |2 (22) 
100 0 |a Darwin, Charles,   |d 1809-1882. 
245 1 2 |a Η καταγωγή του ανθρώπου /  |c Κάρολος Ντάρβιν ; μετάφραση Βάσος Βασιλείου 
260 |a Αθήνα :   |b Γκοβόστης,   |c 2006 
300 |a 431 σ.;  |c 21 εκ.  
650 0 0 |a Natural selection. 
650 0 0 |a Evolution (Biology) 
650 0 0 |a Human beings  |x Origin. 
650 0 0 |a Heredity. 
700 1 |a Βασιλείου, Βάσος,   |d 1915-1985.  |4 trl 
852 |a INST  |b LESVOS  |e 20080226  |h 576.82092 DAR  |p 005100040639  |q 005100040639  |t BK  |y 0 
901 |a BIBL1-2008-1 
909 |a Λ  |b 142071 
922 |a 1ΕΛΗ  |b 200711  |c ΕΠΕΑΕΚ2/ΤΠ  |d Σ. ΠΑΤΑΚΗΣ 
970 |a ΧΑΤΖΗΜΙΧΑΗΛ  |b ΜΑΡΙΑ  |z 2008/02/26